000 00560nam a2200229Ia 4500
003 20180326093036.0
005 20180326093119.0
008 170918s9999 xx 000 0 und d
020 _a9780545487917
050 _bM982 2011
100 _aMurray, Laura
245 4 _aThe gingerbread man loose in the school /
245 _cby Lisa Campbell Ernst.
260 _aNew York :
260 _bScholastic,
260 _c2011
300 _aunpaged :
300 _bcolored illustration ;
300 _c28cm.
500 _a770
942 _2ddc
_cLEX
999 _c341863
_d341863